Films avec Sabine Azéma par image - Statistiques

Statistiques générales
  • Ce quiz a été pris 15 fois
  • Le résultat moyen est 7 sur 16
Statistiques - réponses
Par images Réponse % Correct
Tanguy
93%
Le bonheur est dans le pré
60%
La Bûche
53%
La Vie et rien d'autre
53%
Smoking/No Smoking
53%
N'avoue jamais
47%
On connaît la chanson
47%
L'Amour à mort
40%
Mélo
40%
Un dimanche à la campagne
40%
Vanille Fraise
33%
La Fille du puisatier
27%
Wahou !
27%
La vie est un roman
20%
Le Schpountz
20%
Le Mystère de la chambre jaune
13%
Aucun quiz correspondant
Distribution des résultats
% des personnes avec chaque résultat
Percentile par nombre de réponses
Votre historique - résultats
Vous n’avez pas pris ce quiz